1M Cities Starting with P - Statistics

General Stats
  • This quiz has been taken 389 times
  • The average score is 16 of 25
Answer Stats
City Country % Correct
Panama City Panama
98%
Paris France
97%
Prague Czech Republic
94%
Perth Australia
92%
Porto Portugal
92%
Pyongyang North Korea
92%
Philadelphia United States
91%
Port-au-Prince Haiti
90%
Phnom Penh Cambodia
85%
Pittsburgh Pennsylvania
82%
Portland United States
72%
Porto Alegre Brazil
71%
Pune India
66%
Phoenix United States
65%
Port Elizabeth South Africa
62%
Puebla Mexico
59%
Perm Russia
56%
Port Harcourt Nigeria
56%
Peshawar Pakistan
49%
Palembang Indonesia
45%
Patna India
39%
Pointe-Noire Republic of the Congo
33%
Pekanbaru Indonesia
17%
Putian China
13%
Pingxiang China
2%
No matching quizzes found
Score Distribution
Percent of People with Each Score
Percentile by Number Answered
Your Score History
You have not taken this quiz